Capital Cost Quantification Model in Business Activity Planning: The Evidence of the Middle Europe Countries

Zostrojenie variantného modelu v podmienkach krajín V4 na základe anglosaských modelov kvantifikácie kapitálových nákladov. Model bol vytvorený pomocou princípov lineárnej regresnej analýzy na vzorkách jednotlivých krajín. Najvýznamnejšie prediktory pri odhadovaní kapitálových nákladov pre každú kra...

Full description

Saved in:
Bibliographic Details
Main Author: Rowland, Zuzana
Other Authors: Krulický, Tomáš, Oliinyk, Olena
Format: Book Chapter
Language:English
Subjects:
Tags: Add Tag
No Tags, Be the first to tag this record!

MARC

LEADER 00000naa a2200000 4500
001 0266911
005 20200707092430.1
041 0 |a eng 
044 |a SK 
245 1 0 |a Capital Cost Quantification Model in Business Activity Planning: The Evidence of the Middle Europe Countries  |c Zuzana Rowland, Tomáš Krulický, Olena Oliinyk 
520 |a Zostrojenie variantného modelu v podmienkach krajín V4 na základe anglosaských modelov kvantifikácie kapitálových nákladov. Model bol vytvorený pomocou princípov lineárnej regresnej analýzy na vzorkách jednotlivých krajín. Najvýznamnejšie prediktory pri odhadovaní kapitálových nákladov pre každú krajinu. 
610 2 0 |a náklady 
610 2 0 |a kapitál podnikový 
610 2 0 |a plánovanie 
610 2 0 |a modelovanie 
610 2 0 |a modely regresné 
610 2 0 |a obchod 
610 2 0 |a stredná Európa 
100 1 |a Rowland, Zuzana 
700 1 |a Krulický, Tomáš 
700 1 |a Oliinyk, Olena